Top 100 Most Popular Composers - Statistics

General Stats
  • This quiz has been taken 172 times
  • The average score is 45 of 100
Answer Stats
Rank # Answer % Correct
1 Ludwig van Beethoven
99%
2 Wolfgang Amadeus Mozart
99%
3 Johann Sebastian Bach
97%
65 Carl Philipp Emanuel Bach
96%
8 Pyotr Ilyich Tchaikovsky
86%
19 Antonio Vivaldi
84%
9 George Frederic Handel
84%
6 Johannes Brahms
84%
12 Frédéric Chopin
82%
4 Richard Wagner
81%
7 Franz Peter Schubert
80%
17 Giuseppe Verdi
80%
15 Franz Liszt
78%
14 Claude Debussy
73%
5 Franz Haydn
73%
10 Igor Stravinsky
73%
68 Johann Strauss II
73%
20 Richard Strauss
73%
16 Antonín Dvořák
70%
13 Felix Mendelssohn
70%
44 Edvard Grieg
69%
36 Sergei Rachmaninoff
69%
34 Gioacchino Rossini
68%
29 Maurice Ravel
66%
11 Robert Schumann
66%
22 Dmitri Shostakovich
65%
32 Giacomo Puccini
65%
58 Georges Bizet
64%
39 Nikolai Rimsky-Korsakov
62%
35 Edward Elgar
61%
30 Ralph Vaughan Williams
59%
21 Sergei Prokofiev
59%
83 Gustav Holst
57%
18 Gustav Mahler
55%
28 Jean Sibelius
55%
23 Béla Bartók
53%
25 Anton Bruckner
51%
63 George Gershwin
51%
31 Modest Mussorgsky
51%
37 Camille Saint-Saëns
50%
43 Gabriel Fauré
50%
24 Hector Berlioz
50%
50 Aaron Copland
49%
33 Henry Purcell
47%
55 Bedrick Smetana
46%
27 Claudio Monteverdi
46%
60 Georg Philipp Telemann
46%
72 Alexander Borodin
45%
54 Benjamin Britten
45%
46 Arnold Schoenberg
42%
53 Erik Satie
42%
66 Archangelo Corelli
41%
40 Carl Maria von Weber
41%
64 Gaetano Donizetti
41%
59 Domenico Scarlatti
39%
69 Leos Janácek
39%
93 Samuel Barber
39%
73 Vincenzo Bellini
39%
42 Jean-Baptiste Lully
38%
56 César Franck
36%
41 Jean-Philippe Rameau
36%
75 Jules Massenet
36%
74 Charles Gounod
35%
76 Francis Poulenc
35%
48 Paul Hindemith
32%
47 Charles Ives
31%
80 John Cage
31%
57 Alexander Scriabin
30%
45 Christoph Willibald Gluck
30%
84 Dietrich Buxtehude
28%
26 Giovanni Pierluigi da Palestrina
28%
96 Manuel de Falla
28%
92 Giacomo Meyerbeer
27%
52 William Byrd
27%
71 Alban Berg
26%
99 Alexander Glazunov
26%
88 Carl Nielsen
26%
85 Ottorino Respighi
26%
61 Anton Webern
24%
89 William Walton
24%
98 Mikhail Glinka
23%
49 Olivier Messiaen
22%
87 Hugo Wolf
20%
79 Heinrich Schütz
18%
67 Thomas Tallis
18%
81 Giovanni Battista Pergolesi
15%
97 Hildegarde von Bingen
15%
51 Francois Couperin
14%
82 John Dowland
14%
70 Guillaume de Machaut
12%
38 Josquin Des Prez
12%
62 Roland de Lassus
12%
95 Léonin
11%
78 Pérotin
11%
86 Guillaume Dufay
9%
90 Darius Milhaud
8%
100 Don Carlo Gesualdo
7%
91 Orlando Gibbons
7%
94 Tomás Luis de Victoria
7%
77 Giovanni Gabrieli
5%
No matching quizzes found
Score Distribution
Percent of People with Each Score
Percentile by Number Answered
Your Score History
You have not taken this quiz